01169 2200193 4500001002100000005001500021035002000036245004100056100001700097250001700114300002800131260003300159082001200192084001800204020002200222650001200244520070300256990001600959INLIS00000000000017220240510084048 a0010-05240000941 aNar-Ko-Ba VS Narkoba /cBambang Trim0 aBambang Trim aEdisi Revisi a70 hlm :bilus ;c25 cm aJakarta :bAzka Press,c2006 a362.293 a362.293 BAM n a978-979-744-482-1 4aNarkoba aNarkoba adalah contoh buruk dari pergaulan masa kini. Banyak remaja yang terjerumus karena umumnya salah memilih pergaulan, terutama mereka yang bermental lemah. Setiap tahun diperkirakan 15.000 remaja tewas akibat penyalahgunaan narkoba. Penggunanya lebih dari tiga juta orang di Indonesia. Dari tahun ke tahun, jumlah ini meningkat dan semakin mengkhawatirkan. Kisah di dalam buku ini merupakan kisah yang bisa kita temukan dalam ke- seharian. Hal yang terpenting adalah bagaimana menyikapi narkoba dalam kehidupan yang semakin terbuka dan bebas ini. Kekuatan mental, peranan orang tua, dan pengetahuan yang cukup tentang narkoba adalah kunci utama untuk menghindar dari barang haram tersebut. a00000000568